00662 2200169 4500245005500000020001800055250001100073100001600084650001600100005001900116260004200135041001400177084000800191300002300199500026100222336000900483 aSerpih - Serpih Salju di AnaipucDyah KalsithText a979-686-972-1 aCet. 1 aDyah Kalsit aNovel Fiksi a20231004115123 aJakartabGramedia Pustaka Utamac2002 aIndonesia a813 a120 hlm. :c18 cm. aJauh di belahan Indonesia bagaian timur mentari merasakan keutuhan sebagai manusia. Sebagai guru di Wamena, dia membaktikan diri sepenuhnya. Seabagi manusia, dia memperkaya batinnya dengan mempelajari berbagai aspek kehidupan masyarakat yang sederhana itu. atext